000 01046nam a22003017a 4500
003 OSt
005 20260512113051.0
008 260512b |||||||| |||| 00| 0 aze d
020 _a9789952583588
040 _aAZ-XaKU
_baze
_cAZ-XaKU
041 1 _aaze
050 1 4 _aPN1996 .Se376 .Sce61 2024
100 1 _emüəllif
_aSeger, Linda,
_c1945 - ;
_dmüəllif
245 1 0 _aYaxşı ssenarini əla ssenariyə necə çevirməli?
_c/ Linda Seger
264 _aBakı:
_bZərdabi Nəşr,
300 _a104 səhifə ;
_c20.5 sm.
336 _atext
_btxt
_2rdacontent
337 _aunmediated
_bn
_2rdamedia
338 _avolume
_bnc
_2rdacarrier
505 0 _a I Hissə. Ssenarinin sturukturu -- II Hissə. İdeyanın inkişafı -- III Hissə. Xarakterin inkişafı -- Epiloq
521 _aÜmumi oxucu kütləsi
650 7 _2AZ-XaKU
_akino və dramaturgiya
655 _aSənətşünaslıq
700 1 _aƏmirli, Əli,
_etərcümə edən
700 1 _aCabbarov, Əli İsa,
_enəşrə məsul
942 _cBOOK
999 _c422
_d422